000 00587nam a2200217Ia 4500
003 OSt
005 20230530142648.0
008 210423s2017 xx 000 0 und d
020 _a978-93-85516-65-8
040 _cAL
041 _aeng
082 _a576 BAGM
100 _aBAGYARAJ (D J);JAMALUDDIN
_9116892
245 _aMicrobes for plant stress management
260 _aNew Delhi
_bNew India Publishing Agency
_c2017
300 _axii,318
_bHB
365 _b3800
_cINR
650 _aMicrobiology
_9116893
906 _amanagement ; Microbes ; plant ; stress
942 _2ddc
_cBK
999 _c168420
_d168420